Geofyzika : Geofyzika a geodynamika
Saved in:
| Main Author: | |
|---|---|
| Format: | Book |
| Language: | Czech |
| Published: |
Praha :
České vysoké učení technické v Praze,
1988
|
| Edition: | 1.vyd. - dotlač |
| Tags: |
No Tags, Be the first to tag this record!
|
MARC
| LEADER | 00000nam a22000003a 4500 | ||
|---|---|---|---|
| 001 | stu83245 | ||
| 005 | 20150617225637.9 | ||
| 008 | 040121s1988----cs------------------cze-d | ||
| 040 | |a STU |b slo | ||
| 041 | 0 | |a cze | |
| 044 | |a cs | ||
| 080 | |a 550.3(075.8) | ||
| 100 | 1 | |a Zeman, Antonín |4 aut | |
| 245 | 1 | |a Geofyzika : |b Geofyzika a geodynamika | |
| 250 | |a 1.vyd. - dotlač | ||
| 260 | |a Praha : |b České vysoké učení technické v Praze, |c 1988 | ||
| 300 | |a 234 s.;obr.,schémy | ||
| 996 | |b 284V029316 |c V*30348/S-89 |l VVT |s A |a 24 |w stu83245_0001 | ||